000 00563nam a2200253Ia 4500
003 OSt
005 20220912152855.0
006 a|||||r|||| 00| 0
007 ta
008 220909b |||||||| |||| 00| 0 eng d
024 _a33559
037 _cTextual
040 _aCSL
_beng
_cCSL
041 _aeng
082 _aY2:3, L4
100 _aWernick Robert
245 0 _aFamily
260 _c1974
300 _ap.
_ccm.
650 _a Sociology
650 _aFamily
942 _hY2:3, L4
_cTEXL
_2CC
999 _c92564
_d92564